| 000 | 00674cab a2200229 4500 | ||
|---|---|---|---|
| 001 | WB3438-15 | ||
| 008 | 090401t1998 xxu||||| |||| 00| 0 eng d | ||
| 035 | _a(Sirsi) u88861 | ||
| 041 | _aeng | ||
| 245 | _aFree land to be protected | ||
| 260 | _c1998 | ||
| 350 | _a0 | ||
| 490 |
_aSunday Times _v4 october 1998, 2(1) |
||
| 520 | _aConsiders plans by the government to give protection similar to that of a nature reserve to all uncultivated land in England and Wales. | ||
| 650 | _aNATURE CONSERVATION | ||
| 650 | _aPROTECTION | ||
| 650 | _aUNCULTIVATED LAND | ||
| 650 | _aWILDLIFE CONSERVATION | ||
| 690 | _aCONSERVATION | ||
| 942 | _n0 | ||
| 948 | _c06/10/1998 | ||
| 999 |
_c56196 _d56196 |
||